LEADER 00640nam a2200181 i 4500 001 000000035935 003 CaOOAMICUS 005 20260407161129.0 008 001004n it u000 u ita u 040 $aSeMil$bita 245 10$a1: A-Balb. 300 $a952 p. 773 0 $aBattaglia, Salvatore <1904-1971>$tGrande dizionario della lingua italiana.$dTorino : UTET, 1961-2009.$g1$w()6614 850 $aSeMil 852 $aSeMil$W1$xVenegono$y1$mSL1.A V 1$j269806$B2090$CSeMilBibl$Z2$F2090 $8I 961 $aOmaggio: Biblioteca Seminario Masnago 996 $6245$a1: A-Balb$9(OLS)http://semarc/title/49454